000 00493nam a2200169Ia 4500
008 230917s9999||||xx |||||||||||||| ||und||
020 _cRS1395
040 _e245502
_aMAIN
041 _aEnglish
082 _a820.9325 K541O
100 _aKidwai, Abdur Raheem
245 0 _aOrientalism in English literature: Perception of Islam and Muslims
260 _aNew Delhi
_bViva Books
_c2016
300 _axxi, 282 p.
500 _a3027 29/01/2018 RBP18/68862 05/02/2018 Main Budget
942 _cBK
999 _c25765
_d25765